000 00877nam a2200253Ia 4500
003 OSt
005 20221005104945.0
006 a|||||r|||| 00| 0
007 ta
008 221004b |||||||| |||| 00| 0 hin d
020 _a8185999732 (hbk)
_c275
024 _a101613
037 _b366, 04/03/2010, Swaraj Prakashan
_cTextual
040 _aCRL
_cCRL
_bhin
041 _2hin
_ahin
082 _aO152,1N112:g, P4
100 _aभार्गव, सविता
245 0 _aकवियों के कवि
_b शमशेर
246 _aKaviyoan ke kavi: shamashera
260 _aदिल्ली
_bस्वराज प्रकाशन भारत
_c2004
300 _a137पृ0
_ccm.
942 _hO152,1N112:g, P4
_cTEXL
_2cc
999 _c1014306
_d1014306